=LDR 00000nam 2200000 4500 =001 INLIS000000000037469 =005 20130612143211 =008 ***********************************Eng** =035 ##$$0010-061300000037469 =041 ##$$a Eng =082 ##$$a 616.81 =090 ##$$a 616.81, Sut s =100 ##$$a Sutrisno, Alfred =245 ##$$a Stroke you must know before you get it?, Alfred Sutrisno; Editor, Aries Kelana =260 ##$$a 2007 $b Jakarta =300 ##$$a 168 hlm, Ilus, 23 cm =650 ##$$a Stroke =700 ##$$a Kelana, Aries =850 ##$$a NBPNMAT =990 ##$$a 0001/BPAP-NTB/20142015 =990 ##$$a 0001/BPAP-NTB/20142015 =990 ##$$a 70537053 =990 ##$$a 0001/BPAP-NTB/20142015 =990 ##$$a 0001/BPAP-NTB/20142015 =990 ##$$a 01201807053